Fr. Conceicao Rodrigues College of Engineering

Modern Foundry Practice (Record no. 23285)

MARC details
000 -LEADER
fixed length control field 00298nam a2200145Ia 4500
082 ## - DEWEY DECIMAL CLASSIFICATION NUMBER
Classification number 671.2
Item number HOW
100 ## - MAIN ENTRY--PERSONAL NAME
Personal name Howard.
245 ## - TITLE STATEMENT
Title Modern Foundry Practice
260 ## - PUBLICATION, DISTRIBUTION, ETC.
Name of publisher, distributor, etc. Odhams Press
Place of publication, distribution, etc. London
300 ## - PHYSICAL DESCRIPTION
Extent 384
546 ## - LANGUAGE NOTE
Language note ENGLISH
654 ## - SUBJECT ADDED ENTRY--FACETED TOPICAL TERMS
Focus term Foundry Practice
942 ## - ADDED ENTRY ELEMENTS (KOHA)
Koha item type BOOK
Holdings
Withdrawn status Lost status Damaged status Not for loan Collection Home library Current library Date acquired Total Checkouts Full call number Barcode Date last seen Price effective from Koha item type
        AFT Fr. Agnel's C.Rodrigues College of Engineering Fr. Agnel's C.Rodrigues College of Engineering 17/03/2023   671.2 HOW AFT1240 17/03/2023 17/03/2023 BOOK